Capitalele Europei - sprint de un minut - Statistics

General Stats
  • This quiz has been taken 101 times
    9 since last reset
  • The average score is 20 of 45
Answer Stats
Ţară Capitala % Correct
Andorra Andorra la Vella
75%
Serbia Belgrad
75%
Elveția Berna
75%
România București
75%
Regatul Unit Londra
75%
Spania Madrid
75%
Rusia Moscova
75%
Franța Paris
75%
Italia Roma
75%
Albania Tirana
75%
Austria Viena
75%
Olanda Amsterdam
50%
Grecia Atena
50%
Germania Berlin
50%
Moldova Chișinău
50%
Irlanda Dublin
50%
Ucraina Kiev
50%
Portugalia Lisabona
50%
Slovenia Ljubljana
50%
Luxemburg Luxemburg
50%
Monaco Monaco
50%
Islanda Reykjavik
50%
San Marino San Marino
50%
Bulgaria Sofia
50%
Liechtenstein Vaduz
50%
Malta Valletta
50%
Slovacia Bratislava
25%
Belgia Bruxelles
25%
Ungaria Budapesta
25%
Danemarca Copenhaga
25%
Finlanda Helsinki
25%
Belarus Minsk
25%
Norvegia Oslo
25%
Muntenegru Podgorica
25%
Cehia Praga
25%
Kosovo Pristina
25%
Bosnia și Herțegovina Sarajevo
25%
Macedonia de Nord Skopje
25%
Suedia Stockholm
25%
Estonia Tallinn
25%
Polonia Varșovia
25%
Vatican Vatican
25%
Croația Zagreb
25%
Letonia Riga
0%
Lituania Vilnius
0%
No matching quizzes found
Score Distribution
Percent of People with Each Score
Percentile by Number Answered
Your Score History
You have not taken this quiz since the last reset